| 000 | 01040nam a2200229Ia 4500 | ||
|---|---|---|---|
| 003 | OSt | ||
| 005 | 20211207074638.0 | ||
| 008 | 210310s1990 cl ad gr 000 0 spa d | ||
| 040 |
_aCO-JMCR _cCO-JMCR |
||
| 041 | 0 | _aspa | |
| 082 | 0 | 4 |
_a336.3435098 / _bC733a _223 |
| 110 | 2 |
_aComisión Económica para América Latina y el Caribe _eautor _93019 |
|
| 245 | 1 | 0 |
_aAmérica latina y el caribe: _bopciones para reducir el peso de la deuda / _cComisión Económica para América Latina y el Caribe |
| 260 |
_aSantiago, Chile : _bNaciones Unidas, _c1990. |
||
| 300 |
_a118 páginas : _bilustraciones y gráficas a color ; _c26 cm. |
||
| 501 | _aCon: notas a pie de página. | ||
| 505 | _aSíntesis y conclusiones. -- Una visión general de la naturaleza del problema de la deuda. -- Un enfoque de concertación. -- Hacia el éxito del plan Brady. | ||
| 650 | 1 | 4 |
_aEndeudamiento _zAmérica Latina _929338 |
| 650 | 2 | 4 |
_aProblema de la deuda _zAmérica Latina _941749 |
| 650 | 2 | 4 |
_aSolución del problema _zAmérica Latina _941750 |
| 942 |
_2ddc _cBK |
||
| 999 |
_c12831 _d12831 |
||